00475nam a22001577a 450000500170000000800410001702000150005804100130007308200140008610000280010024500880012825000180021626000410023430000170027565000250029220231110054220.0231110b |||||||| |||| 00| 0 eng d a0620141557 aEnglish  a346.5 MEY aMeyerowitz, DlEnglish  aThe Law and Practice of Administration of Estates and Estate Duty / cD Meyerowitz  aSixth Edition aCape Town :bThe TaxPayer CC, c1989 bxxx,c25 cm. aLegal practice bLaw